000 00460nam a2200169Ia 4500
003 GCL
008 140319s9999 xx 000 0 eng d
040 _aGCL /
_cGCL
082 0 4 _a539.7
_bC C
100 1 _aCOHEN, BERNARD.L
245 1 0 _aCONCEPTS OF NUCLEAR PHYSICS /
_cCOHEN, BERNARD.L
260 _a[S.N] :
_bTATA MCGRAW - HILL PUBLISHING ،
_c1995
650 0 4 _aNUCLEAR PHYSICS
650 0 4 _aCONCEPTS
650 0 4 _aNUCLEAR - REACTIONS
942 _2ddc
_cBK
999 _c10588
_d10588